Retrouve les chansons de Amel Bent - Statistiques

Statistiques générales
  • Ce quiz a été pris 24 fois
  • Le résultat moyen est 15 sur 23
Answers on the Grid
Answers color-coded by a green-red scale on the quiz's grid according to % correct below.
Où je vais
Sans toi
Jusqu'au bout
Pourquoi tu restes
Au soleil
Le Droit à l'erreur
Le Mal de toi
Toutes femmes de ta vie
Délit
Ma philosophie
Le chant des colombes
Je reste
Tu n'es plus là
Mon beau corsaire
Décharge mentale
Cette idée-là
Si on te demande
1, 2, 3
Et bam
À 20 ans
Confessions nocturnes
Dis-moi qui tu es
Ton nom
Et alors!
Nouveau Français
Ne retiens pas tes larmes
Triste
Lossa
Il avait les mots
Ma chance
 
Statistiques - réponses
Réponse % Correct
Ma philosophie
95%
Où je vais
95%
Jusqu'au bout
80%
Le Droit à l'erreur
80%
Ne retiens pas tes larmes
75%
Pourquoi tu restes
75%
Si on te demande
75%
1, 2, 3
70%
Tu n'es plus là
70%
Dis-moi qui tu es
65%
Ma chance
65%
Ton nom
65%
Décharge mentale
60%
Le Mal de toi
60%
Triste
60%
À 20 ans
55%
Délit
55%
Je reste
55%
Le chant des colombes
55%
Sans toi
55%
Nouveau Français
45%
Cette idée-là
30%
Lossa
30%
Aucun quiz correspondant
Distribution des résultats
% des personnes avec chaque résultat
Percentile par nombre de réponses
Votre historique - résultats
Vous n’avez pas pris ce quiz